Men's National Basketball Teams at the 2024 Olympics - Statistics

General Stats
  • This quiz has been taken 887 times
  • The average score is 10 of 12
Answer Stats
Country % Correct
United States
100%
France
96%
Canada
94%
Germany
92%
Spain
92%
Australia
86%
Brazil
86%
Serbia
85%
Japan
81%
Greece
77%
South Sudan
43%
Puerto Rico
42%
No matching quizzes found
Score Distribution
Percent of People with Each Score
Percentile by Number Answered
Your Score History
You have not taken this quiz